[Event "DVM U12 2022"]
[Site "München GER"]
[Date "2022.12.29"]
[Round "5"]
[White "Uyar, Levin"]
[Black "Park, Manuel"]
[Result "1-0"]
[Termination "normal"]
[Board "6.1"]
[WhiteElo "1573"]
[BlackElo "1491"]
[WhiteClock "00:19:42"]
[BlackClock "01:50:04"]
[WhiteTeam "SC Untergrombach 46"]
[BlackTeam "SC Kirchheim/Teck"]
[PlyCount "115"]
[WhiteFideId "16282108"]
[BlackFideId "34629114"]
[EventCountry "GER"]
[EventRounds "7"]
[EventType "team-swiss"]
[EventDate "2022.12.26"]

1. e4 {[%clk 01:30:56]} {[%emt 00:00:03]} c5 {[%clk 01:30:39]} {[%emt
00:00:21]} 2. Nf3 {[%clk 01:31:20]} {[%emt 00:00:06]} e6 {[%clk 01:30:58]}
{[%emt 00:00:12]} 3. d4 {[%clk 01:31:44]} {[%emt 00:00:06]} cxd4 {[%clk
01:31:27]} 4. Nxd4 {[%clk 01:32:06]} {[%emt 00:00:09]} Nf6 {[%clk 01:31:50]}
{[%emt 00:00:07]} 5. Nc3 {[%clk 01:32:24]} {[%emt 00:00:12]} Nc6 {[%clk
01:32:13]} {[%emt 00:00:07]} 6. Ndb5 {[%clk 01:32:44]} {[%emt 00:00:09]} Bb4
{[%clk 01:32:35]} {[%emt 00:00:08]} 7. a3 {[%clk 01:33:03]} {[%emt 00:00:11]}
Bxc3 {[%clk 01:32:49]} {[%emt 00:00:17]} 8. Nxc3 {[%clk 01:33:27]} {[%emt
00:00:05]} O-O {[%clk 01:32:50]} {[%emt 00:00:30]} 9. Bd3 {[%clk 01:31:24]}
{[%emt 00:02:33]} d5 {[%clk 01:32:05]} {[%emt 00:01:15]} 10. exd5 {[%clk
01:09:56]} {[%emt 00:21:58]} Nxd5 {[%clk 01:32:26]} {[%emt 00:00:09]} 11. Bd2
{[%clk 00:56:26]} {[%emt 00:14:00]} b6 {[%clk 01:28:57]} {[%emt 00:03:59]} 12.
Be4 {[%clk 00:47:02]} {[%emt 00:09:54]} Ba6 {[%clk 01:25:21]} {[%emt 00:04:06]}
13. Qf3 {[%clk 00:26:26]} {[%emt 00:21:06]} Nd4 {[%clk 01:24:02]} {[%emt
00:01:49]} 14. Qh3 {[%clk 00:20:49]} {[%emt 00:05:56]} f5 {[%clk 01:24:21]}
{[%emt 00:00:22]} 15. Bd3 {[%clk 00:20:12]} {[%emt 00:01:08]} Bxd3 {[%clk
01:24:40]} {[%emt 00:00:10]} 16. Qxd3 {[%clk 00:20:34]} {[%emt 00:00:07]} Nxc3
{[%clk 01:24:56]} {[%emt 00:00:15]} 17. Bxc3 {[%clk 00:20:30]} {[%emt
00:00:34]} Nc6 {[%clk 01:23:10]} {[%emt 00:02:16]} 18. Rd1 {[%clk 00:17:37]}
{[%emt 00:03:21]} Qg5 {[%clk 01:22:23]} {[%emt 00:01:17]} 19. Qg3 {[%clk
00:16:21]} {[%emt 00:01:47]} Qe7 {[%clk 01:21:17]} {[%emt 00:01:37]} 20. Qd6
{[%clk 00:14:44]} {[%emt 00:02:06]} Rac8 {[%clk 01:19:44]} {[%emt 00:02:03]}
21. Qxe7 {[%clk 00:15:03]} {[%emt 00:00:12]} Nxe7 {[%clk 01:20:13]} 22. Rd7
{[%clk 00:14:18]} {[%emt 00:01:15]} Rf7 {[%clk 01:20:31]} {[%emt 00:00:12]} 23.
Rxa7 {[%clk 00:13:55]} {[%emt 00:00:53]} Nd5 {[%clk 01:20:55]} {[%emt
00:00:06]} 24. Rxf7 {[%clk 00:14:18]} {[%emt 00:00:07]} Kxf7 {[%clk 01:21:23]}
{[%emt 00:00:01]} 25. Kd2 {[%clk 00:14:20]} {[%emt 00:00:27]} Nxc3 {[%clk
01:21:32]} {[%emt 00:00:22]} 26. bxc3 {[%clk 00:14:45]} {[%emt 00:00:05]} Ra8
{[%clk 01:21:59]} {[%emt 00:00:04]} 27. Rb1 {[%clk 00:15:02]} {[%emt 00:00:12]}
Rd8 {[%clk 01:22:13]} {[%emt 00:00:16]} 28. Ke3 {[%clk 00:14:47]} {[%emt
00:00:45]} Rc8 {[%clk 01:22:21]} {[%emt 00:00:22]} 29. Kd3 {[%clk 00:14:41]}
{[%emt 00:00:35]} Rd8 {[%clk 01:22:25]} {[%emt 00:00:27]} 30. Ke2 {[%clk
00:14:25]} {[%emt 00:00:46]} Rc8 {[%clk 01:22:35]} {[%emt 00:00:20]} 31. Rb3
{[%clk 00:14:32]} {[%emt 00:00:22]} Kf6 {[%clk 01:22:32]} {[%emt 00:00:34]} 32.
Kd2 {[%clk 00:14:31]} {[%emt 00:00:31]} f4 {[%clk 01:22:23]} {[%emt 00:00:40]}
33. Rxb6 {[%clk 00:14:41]} {[%emt 00:00:20]} Rd8 {[%clk 01:22:30]} {[%emt
00:00:23]} 34. Ke2 {[%clk 00:14:32]} {[%emt 00:00:39]} Rc8 {[%clk 01:22:45]}
{[%emt 00:00:15]} 35. Rb3 {[%clk 00:14:46]} {[%emt 00:00:15]} Rc4 {[%clk
01:23:09]} {[%emt 00:00:06]} 36. Kd3 {[%clk 00:14:04]} {[%emt 00:01:12]} Rc8
{[%clk 01:23:26]} {[%emt 00:00:14]} 37. Rb4 {[%clk 00:13:21]} {[%emt 00:01:13]}
g5 {[%clk 01:23:26]} {[%emt 00:00:30]} 38. f3 {[%clk 00:13:36]} {[%emt
00:00:15]} Rd8 {[%clk 01:23:49]} {[%emt 00:00:08]} 39. Ke2 {[%clk 00:12:31]}
{[%emt 00:01:34]} h6 {[%clk 01:23:37]} {[%emt 00:00:42]} 40. Rc4 {[%clk
00:10:48]} {[%emt 00:02:13]} Ra8 {[%clk 01:22:51]} {[%emt 00:01:17]} 41. a4
{[%clk 00:11:11]} {[%emt 00:00:07]} Ra5 {[%clk 01:23:19]} {[%emt 00:00:02]} 42.
Kd3 {[%clk 00:11:14]} {[%emt 00:00:26]} Ke5 {[%clk 01:23:31]} {[%emt 00:00:19]}
43. Rb4 {[%clk 00:11:18]} {[%emt 00:00:25]} Rd5 {[%clk 01:21:18]} {[%emt
00:02:44]} 44. Ke2 {[%clk 00:11:14]} {[%emt 00:00:34]} Kf6 {[%clk 01:21:45]}
{[%emt 00:00:04]} 45. Rb5 {[%clk 00:11:21]} {[%emt 00:00:22]} Rd6 {[%clk
01:22:14]} {[%emt 00:00:02]} 46. a5 {[%clk 00:09:50]} {[%emt 00:02:00]} Rc6
{[%clk 01:22:36]} {[%emt 00:00:08]} 47. Kd3 {[%clk 00:08:49]} {[%emt 00:01:31]}
Rd6 {[%clk 01:22:41]} {[%emt 00:00:26]} 48. Kc4 {[%clk 00:08:15]} {[%emt
00:01:03]} Rc6 {[%clk 01:23:01]} {[%emt 00:00:10]} 49. Kb4 {[%clk 00:07:24]}
{[%emt 00:01:21]} Ke7 {[%clk 01:22:19]} {[%emt 00:01:14]} 50. Rb6 {[%clk
00:07:01]} {[%emt 00:00:52]} Rc7 {[%clk 01:21:57]} {[%emt 00:00:50]} 51. c4
{[%clk 00:06:37]} {[%emt 00:00:56]} h5 {[%clk 01:21:33]} {[%emt 00:00:54]} 52.
a6 {[%clk 00:05:48]} {[%emt 00:01:19]} e5 {[%clk 01:20:22]} {[%emt 00:01:41]}
53. c5 {[%clk 00:02:49]} {[%emt 00:03:27]} g4 {[%clk 01:20:35]} {[%emt
00:00:18]} 54. Kc4 {[%clk 00:20:48]} {[%emt 00:13:01]} Kd8 {[%clk 01:50:35]}
{[%emt 00:01:00]} 55. Kd5 {[%clk 00:19:13]} {[%emt 00:02:05]} e4 {[%clk
01:50:48]} {[%emt 00:00:17]} 56. Kxe4 {[%clk 00:19:17]} {[%emt 00:00:26]} Rxc5
{[%clk 01:51:06]} {[%emt 00:00:13]} 57. a7 {[%clk 00:19:31]} {[%emt 00:00:16]}
Ra5 {[%clk 01:50:04]} {[%emt 00:01:32]} 58. Rb8 {[%clk 00:19:42]} {[%emt
00:00:19]} 1-0

[Event "DVM U12 2022"]
[Site "München GER"]
[Date "2022.12.29"]
[Round "5"]
[White "Krishnan, Vihaan"]
[Black "Jung, Niklas"]
[Result "1/2-1/2"]
[Termination "normal"]
[Board "6.2"]
[WhiteElo "1519"]
[BlackElo "1426"]
[WhiteClock "00:10:53"]
[BlackClock "00:28:21"]
[WhiteTeam "SC Kirchheim/Teck"]
[BlackTeam "SC Untergrombach 46"]
[PlyCount "56"]
[WhiteFideId "34633910"]
[BlackFideId "16280601"]
[EventCountry "GER"]
[EventRounds "7"]
[EventType "team-swiss"]
[EventDate "2022.12.26"]

1. e4 {[%clk 01:30:59]} e5 {[%clk 01:30:55]} {[%emt 00:00:06]} 2. Nf3 {[%clk
01:31:23]} {[%emt 00:00:05]} Nc6 {[%clk 01:31:20]} {[%emt 00:00:05]} 3. Bc4
{[%clk 01:31:44]} {[%emt 00:00:09]} Bc5 {[%clk 01:31:43]} {[%emt 00:00:07]} 4.
c3 {[%clk 01:32:10]} {[%emt 00:00:05]} Nf6 {[%clk 01:32:03]} {[%emt 00:00:09]}
5. d3 {[%clk 01:32:25]} {[%emt 00:00:15]} d6 {[%clk 01:32:18]} {[%emt
00:00:15]} 6. Bb3 {[%clk 01:32:18]} {[%emt 00:00:37]} h6 {[%clk 01:31:50]}
{[%emt 00:00:57]} 7. Nbd2 {[%clk 01:32:21]} {[%emt 00:00:28]} Be6 {[%clk
01:32:01]} {[%emt 00:00:18]} 8. Bc2 {[%clk 01:31:12]} {[%emt 00:01:40]} Ne7
{[%clk 01:27:53]} {[%emt 00:04:37]} 9. Nf1 {[%clk 01:25:32]} {[%emt 00:06:11]}
Ng6 {[%clk 01:27:16]} {[%emt 00:01:06]} 10. Ng3 {[%clk 01:25:32]} {[%emt
00:00:30]} c6 {[%clk 01:25:45]} {[%emt 00:02:00]} 11. a3 {[%clk 01:00:24]}
{[%emt 00:25:39]} a5 {[%clk 01:19:48]} {[%emt 00:06:27]} 12. d4 {[%clk
00:53:10]} {[%emt 00:07:44]} exd4 {[%clk 01:18:25]} {[%emt 00:01:53]} 13. cxd4
{[%clk 00:53:08]} {[%emt 00:00:33]} Ba7 {[%clk 01:17:46]} {[%emt 00:01:09]} 14.
O-O {[%clk 00:52:19]} {[%emt 00:01:18]} O-O {[%clk 01:16:40]} {[%emt 00:01:35]}
15. h3 {[%clk 00:49:35]} {[%emt 00:03:15]} Bc4 {[%clk 01:14:05]} {[%emt
00:03:04]} 16. Re1 {[%clk 00:48:24]} {[%emt 00:01:42]} Re8 {[%clk 01:11:50]}
{[%emt 00:02:46]} 17. Nf5 {[%clk 00:38:41]} {[%emt 00:10:13]} Be6 {[%clk
00:55:59]} {[%emt 00:16:20]} 18. g4 {[%clk 00:28:24]} {[%emt 00:10:47]} Bxf5
{[%clk 00:52:00]} {[%emt 00:04:29]} 19. gxf5 {[%clk 00:28:29]} {[%emt
00:00:25]} Ne7 {[%clk 00:50:11]} {[%emt 00:02:18]} 20. Kh1 {[%clk 00:27:41]}
{[%emt 00:01:19]} Kh8 {[%clk 00:49:09]} {[%emt 00:01:31]} 21. Be3 {[%clk
00:25:48]} {[%emt 00:02:23]} Neg8 {[%clk 00:47:22]} {[%emt 00:02:17]} 22. e5
{[%clk 00:19:59]} {[%emt 00:06:20]} dxe5 {[%clk 00:45:19]} {[%emt 00:02:33]}
23. Nxe5 {[%clk 00:18:01]} {[%emt 00:02:28]} Rf8 {[%clk 00:40:09]} {[%emt
00:05:37]} 24. Bb3 {[%clk 00:17:22]} {[%emt 00:01:12]} Nd5 {[%clk 00:38:23]}
{[%emt 00:02:15]} 25. Qh5 {[%clk 00:15:57]} {[%emt 00:01:55]} Qc7 {[%clk
00:32:16]} {[%emt 00:06:38]} 26. Bxd5 {[%clk 00:15:16]} {[%emt 00:01:09]} cxd5
{[%clk 00:30:26]} {[%emt 00:02:20]} 27. Ng4 {[%clk 00:13:13]} {[%emt 00:02:34]}
Bb8 {[%clk 00:28:21]} {[%emt 00:02:34]} 28. f6 {[%clk 00:10:53]} {[%emt
00:02:51]} Nxf6 {[%emt 00:01:08]} 1/2-1/2

[Event "DVM U12 2022"]
[Site "München GER"]
[Date "2022.12.29"]
[Round "5"]
[White "Wettstein, Levin"]
[Black "Miede, Arthur"]
[Result "0-1"]
[Termination "normal"]
[Board "6.3"]
[WhiteElo "1193"]
[BlackElo "1208"]
[WhiteClock "01:01:17"]
[BlackClock "01:06:18"]
[WhiteTeam "SC Untergrombach 46"]
[BlackTeam "SC Kirchheim/Teck"]
[PlyCount "46"]
[WhiteFideId "34635866"]
[BlackFideId "34640495"]
[EventCountry "GER"]
[EventRounds "7"]
[EventType "team-swiss"]
[EventDate "2022.12.26"]

1. e4 {[%clk 01:30:30]} {[%emt 00:35:59]} e5 {[%clk 01:30:50]} {[%emt
00:00:16]} 2. Nf3 {[%clk 01:30:55]} {[%emt 00:00:05]} Nc6 {[%clk 01:31:05]}
{[%emt 00:00:15]} 3. Nc3 {[%clk 01:31:14]} {[%emt 00:00:11]} Nf6 {[%clk
01:31:03]} {[%emt 00:00:33]} 4. a3 {[%clk 01:31:31]} {[%emt 00:00:12]} d5
{[%clk 01:29:49]} {[%emt 00:01:44]} 5. Bb5 {[%clk 01:31:35]} {[%emt 00:00:26]}
Bg4 {[%clk 01:29:07]} {[%emt 00:01:12]} 6. h3 {[%clk 01:29:36]} {[%emt
00:02:28]} dxe4 {[%clk 01:25:19]} {[%emt 00:04:19]} 7. hxg4 {[%clk 01:27:46]}
{[%emt 00:02:20]} exf3 {[%clk 01:24:49]} {[%emt 00:01:00]} 8. Qxf3 {[%clk
01:27:48]} {[%emt 00:00:28]} Qd6 {[%clk 01:23:54]} {[%emt 00:01:25]} 9. g5
{[%clk 01:25:36]} {[%emt 00:02:42]} Nd7 {[%clk 01:22:11]} {[%emt 00:02:12]} 10.
Qe3 {[%clk 01:21:18]} {[%emt 00:04:48]} O-O-O {[%clk 01:19:26]} {[%emt
00:03:15]} 11. Bxc6 {[%clk 01:16:25]} {[%emt 00:05:23]} Qxc6 {[%clk 01:16:49]}
{[%emt 00:03:07]} 12. d4 {[%clk 01:13:31]} {[%emt 00:03:24]} exd4 {[%clk
01:15:14]} {[%emt 00:02:05]} 13. Qxd4 {[%clk 01:13:03]} {[%emt 00:00:59]} Bc5
{[%clk 01:13:48]} {[%emt 00:01:56]} 14. Qg4 {[%clk 01:12:19]} {[%emt 00:01:13]}
Rde8 {[%clk 01:11:53]} {[%emt 00:02:26]} 15. Ne2 {[%clk 01:11:21]} {[%emt
00:01:28]} Re4 {[%clk 01:09:44]} {[%emt 00:02:39]} 16. Bf4 {[%clk 01:05:14]}
{[%emt 00:06:37]} Rhe8 {[%clk 01:08:08]} {[%emt 00:02:06]} 17. O-O-O {[%clk
01:04:50]} {[%emt 00:00:54]} Rxe2 {[%clk 01:07:44]} {[%emt 00:00:54]} 18. Rxh7
{[%clk 01:03:57]} {[%emt 00:01:22]} Be3 {[%clk 01:07:30]} {[%emt 00:00:43]} 19.
Rd2 {[%clk 01:02:50]} {[%emt 00:01:38]} Re1 {[%clk 01:07:16]} {[%emt 00:00:44]}
20. Qd1 {[%clk 01:02:57]} {[%emt 00:00:23]} Rxd1 {[%clk 01:07:17]} {[%emt
00:00:29]} 21. Kxd1 {[%clk 01:03:17]} {[%emt 00:00:10]} Bxf4 {[%clk 01:07:19]}
{[%emt 00:00:28]} 22. Rd4 {[%clk 01:02:22]} {[%emt 00:01:25]} Qe6 {[%clk
01:06:18]} {[%emt 00:01:31]} 23. Rxf4 {[%clk 01:01:17]} {[%emt 00:01:35]} Qe1#
{[%emt 00:00:07]} 0-1

[Event "DVM U12 2022"]
[Site "München GER"]
[Date "2022.12.29"]
[Round "5"]
[White "Miede, Armin"]
[Black "Wenzel, Jonathan"]
[Result "0-1"]
[Termination "normal"]
[Board "6.4"]
[WhiteElo "1079"]
[BlackElo "1031"]
[WhiteClock "00:49:07"]
[BlackClock "00:50:26"]
[WhiteTeam "SC Kirchheim/Teck"]
[BlackTeam "SC Untergrombach 46"]
[PlyCount "102"]
[WhiteFideId "34640487"]
[BlackFideId "34640568"]
[EventCountry "GER"]
[EventRounds "7"]
[EventType "team-swiss"]
[EventDate "2022.12.26"]

1. e4 {[%clk 01:30:58]} {[%emt 00:00:01]} e5 {[%clk 01:30:22]} {[%emt
00:00:16]} 2. Nf3 {[%clk 01:31:23]} {[%emt 00:00:28]} Nc6 {[%clk 01:30:32]}
{[%emt 00:00:16]} 3. Bc4 {[%clk 01:31:46]} {[%emt 00:00:11]} Bc5 {[%clk
01:30:22]} {[%emt 00:00:39]} 4. c3 {[%clk 01:31:58]} {[%emt 00:00:18]} Nf6
{[%clk 01:30:08]} {[%emt 00:00:40]} 5. d3 {[%clk 01:32:09]} {[%emt 00:00:24]}
O-O {[%clk 01:30:14]} {[%emt 00:00:19]} 6. Nbd2 {[%clk 01:32:01]} {[%emt
00:00:44]} d6 {[%clk 01:29:40]} {[%emt 00:00:58]} 7. Bb3 {[%clk 01:31:56]}
{[%emt 00:00:40]} Be6 {[%clk 01:29:14]} {[%emt 00:00:51]} 8. Bc2 {[%clk
01:32:14]} {[%emt 00:00:17]} a6 {[%clk 01:21:19]} {[%emt 00:08:21]} 9. Nf1
{[%clk 01:31:14]} {[%emt 00:01:32]} Ng4 {[%clk 01:18:18]} {[%emt 00:03:25]} 10.
Be3 {[%clk 01:29:09]} {[%emt 00:02:42]} Bxe3 {[%clk 01:09:22]} {[%emt
00:09:19]} 11. Nxe3 {[%clk 01:29:14]} {[%emt 00:00:32]} Nf6 {[%clk 01:04:03]}
{[%emt 00:05:42]} 12. h3 {[%clk 01:29:13]} {[%emt 00:00:38]} d5 {[%clk
01:03:17]} {[%emt 00:01:10]} 13. exd5 {[%clk 01:25:40]} {[%emt 00:04:09]} Bxd5
{[%clk 01:00:19]} {[%emt 00:03:24]} 14. g4 {[%clk 01:17:39]} {[%emt 00:08:36]}
e4 {[%clk 00:57:34]} {[%emt 00:03:10]} 15. Nxd5 {[%clk 01:08:22]} {[%emt
00:09:51]} exf3 {[%clk 00:56:56]} {[%emt 00:01:04]} 16. Qxf3 {[%clk 01:06:42]}
{[%emt 00:02:15]} Qxd5 {[%clk 00:56:06]} {[%emt 00:01:14]} 17. Qxd5 {[%clk
01:05:26]} {[%emt 00:01:50]} Nxd5 {[%clk 00:56:20]} {[%emt 00:00:11]} 18. O-O-O
{[%clk 01:05:47]} {[%emt 00:00:14]} Rfe8 {[%clk 00:54:51]} {[%emt 00:01:52]}
19. Rdf1 {[%clk 01:04:57]} {[%emt 00:01:28]} Rad8 {[%clk 00:53:04]} {[%emt
00:02:02]} 20. h4 {[%clk 01:04:29]} {[%emt 00:01:12]} Nf4 {[%clk 00:51:54]}
{[%emt 00:01:30]} 21. h5 {[%clk 01:01:54]} {[%emt 00:01:17]} Nxd3 {[%clk
00:51:57]} {[%emt 00:02:25]} 22. Kb1 {[%clk 01:00:08]} {[%emt 00:02:16]} Re2
{[%clk 00:50:19]} {[%emt 00:02:03]} 23. f4 {[%clk 00:57:23]} {[%emt 00:03:20]}
Rg2 {[%clk 00:50:01]} {[%emt 00:00:45]} 24. Rd1 {[%clk 00:53:30]} {[%emt
00:04:26]} Nf2 {[%clk 00:49:52]} {[%emt 00:00:29]} 25. Rxd8 {[%clk 00:53:36]}
{[%emt 00:00:34]} Nxd8 {[%clk 00:50:15]} {[%emt 00:00:07]} 26. Re1 {[%clk
00:53:26]} {[%emt 00:00:39]} Ne6 {[%clk 00:49:26]} {[%emt 00:01:16]} 27. f5
{[%clk 00:52:44]} {[%emt 00:01:16]} Nf8 {[%clk 00:49:07]} {[%emt 00:00:45]} 28.
b3 {[%clk 00:51:42]} {[%emt 00:01:33]} g6 {[%clk 00:47:45]} {[%emt 00:01:47]}
29. hxg6 {[%clk 00:51:30]} {[%emt 00:00:50]} hxg6 {[%clk 00:48:02]} {[%emt
00:00:09]} 30. fxg6 {[%clk 00:51:53]} {[%emt 00:00:10]} Nxg6 {[%clk 00:48:20]}
{[%emt 00:00:08]} 31. Bxg6 {[%clk 00:51:45]} {[%emt 00:00:42]} fxg6 {[%clk
00:48:23]} {[%emt 00:00:22]} 32. Re8 {[%clk 00:52:03]} {[%emt 00:00:17]} Kf7
{[%clk 00:48:22]} {[%emt 00:00:31]} 33. Re1 {[%clk 00:52:13]} {[%emt 00:00:19]}
Nd3 {[%clk 00:47:59]} {[%emt 00:00:49]} 34. Re3 {[%clk 00:52:14]} {[%emt
00:00:33]} Rg1 {[%clk 00:47:46]} {[%emt 00:00:39]} 35. Kc2 {[%clk 00:52:26]}
{[%emt 00:00:23]} Ne1 {[%clk 00:48:02]} {[%emt 00:00:09]} 36. Kd2 {[%clk
00:52:26]} {[%emt 00:00:34]} Ng2 {[%clk 00:48:10]} {[%emt 00:00:18]} 37. Rg3
{[%clk 00:52:10]} {[%emt 00:00:50]} Kg7 {[%clk 00:47:50]} {[%emt 00:00:46]} 38.
a4 {[%clk 00:51:29]} {[%emt 00:01:16]} b5 {[%clk 00:47:58]} {[%emt 00:00:18]}
39. axb5 {[%clk 00:51:23]} {[%emt 00:00:39]} axb5 {[%clk 00:48:19]} {[%emt
00:00:09]} 40. c4 {[%clk 00:51:05]} {[%emt 00:00:49]} bxc4 {[%clk 00:48:23]}
{[%emt 00:00:22]} 41. bxc4 {[%clk 00:51:11]} {[%emt 00:00:27]} g5 {[%clk
00:48:35]} {[%emt 00:00:16]} 42. Ke2 {[%clk 00:49:30]} {[%emt 00:02:14]} Nf4
{[%clk 00:48:43]} {[%emt 00:00:12]} 43. Kf3 {[%clk 00:49:15]} {[%emt 00:00:55]}
Rxg3 {[%clk 00:49:00]} {[%emt 00:00:12]} 44. Kxg3 {[%clk 00:49:39]} {[%emt
00:00:07]} Kf6 {[%clk 00:49:06]} {[%emt 00:00:24]} 45. Kf3 {[%clk 00:49:35]}
{[%emt 00:00:34]} Ke5 {[%clk 00:49:16]} {[%emt 00:00:20]} 46. Ke3 {[%clk
00:49:39]} {[%emt 00:00:27]} c5 {[%clk 00:49:31]} {[%emt 00:00:15]} 47. Kf3
{[%clk 00:49:41]} {[%emt 00:00:28]} Kd4 {[%clk 00:49:49]} {[%emt 00:00:12]} 48.
Kf2 {[%clk 00:49:17]} {[%emt 00:00:54]} Kxc4 {[%clk 00:50:14]} {[%emt
00:00:06]} 49. Ke3 {[%clk 00:49:23]} {[%emt 00:00:24]} Kb3 {[%clk 00:50:16]}
{[%emt 00:00:27]} 50. Ke4 {[%clk 00:49:03]} {[%emt 00:00:50]} c4 {[%clk
00:50:26]} {[%emt 00:00:18]} 51. Kf5 {[%clk 00:49:07]} {[%emt 00:00:29]} Nh3
{[%emt 00:00:06]} 0-1

[Event "DVM U12 2022"]
[Site "München GER"]
[Date "2022.12.29"]
[Round "5"]
[White "Riechenberg, Sebastian"]
[Black "Vinogradov, Ilia"]
[Result "1/2-1/2"]
[Termination "normal"]
[Board "7.1"]
[WhiteElo "1771"]
[BlackElo "1358"]
[WhiteClock "00:39:37"]
[BlackClock "00:47:56"]
[WhiteTeam "SV Erkenschwick 1923"]
[BlackTeam "SV 1947 Walldorf"]
[PlyCount "41"]
[WhiteFideId "34605231"]
[BlackFideId "34603166"]
[EventCountry "GER"]
[EventRounds "7"]
[EventType "team-swiss"]
[EventDate "2022.12.26"]

1. e4 {[%clk 01:30:59]} e5 {[%clk 01:30:59]} {[%emt 00:00:01]} 2. Nf3 {[%clk
01:31:19]} {[%emt 00:00:09]} Nc6 {[%clk 01:31:22]} {[%emt 00:00:06]} 3. Bb5
{[%clk 01:31:06]} {[%emt 00:00:43]} a6 {[%clk 01:31:41]} {[%emt 00:00:12]} 4.
Ba4 {[%clk 01:31:30]} {[%emt 00:00:06]} b5 {[%clk 01:31:57]} {[%emt 00:00:13]}
5. Bb3 {[%clk 01:31:54]} {[%emt 00:00:06]} Na5 {[%clk 01:31:33]} {[%emt
00:00:55]} 6. O-O {[%clk 01:24:15]} {[%emt 00:08:09]} Nxb3 {[%clk 01:29:23]}
{[%emt 00:02:41]} 7. axb3 {[%clk 01:24:15]} {[%emt 00:00:30]} d6 {[%clk
01:28:27]} {[%emt 00:01:26]} 8. d4 {[%clk 01:23:20]} {[%emt 00:01:25]} exd4
{[%clk 01:24:45]} {[%emt 00:04:12]} 9. Nxd4 {[%clk 01:22:25]} {[%emt 00:01:25]}
Bb7 {[%clk 01:22:09]} {[%emt 00:03:05]} 10. Re1 {[%clk 01:14:08]} {[%emt
00:08:46]} Ne7 {[%clk 01:14:50]} {[%emt 00:07:50]} 11. Bg5 {[%clk 01:09:53]}
{[%emt 00:04:45]} h6 {[%clk 01:08:01]} {[%emt 00:07:19]} 12. Bh4 {[%clk
01:08:19]} {[%emt 00:02:04]} g5 {[%clk 01:03:45]} {[%emt 00:04:47]} 13. Bg3
{[%clk 01:08:20]} {[%emt 00:00:28]} Qd7 {[%clk 01:01:59]} {[%emt 00:02:16]} 14.
e5 {[%clk 00:54:37]} {[%emt 00:14:13]} O-O-O {[%clk 00:59:00]} {[%emt
00:03:29]} 15. exd6 {[%clk 00:48:11]} {[%emt 00:06:56]} cxd6 {[%clk 00:57:48]}
{[%emt 00:01:42]} 16. h4 {[%clk 00:45:23]} {[%emt 00:03:18]} Nc6 {[%clk
00:56:22]} {[%emt 00:01:56]} 17. Nc3 {[%clk 00:43:14]} {[%emt 00:02:39]} gxh4
{[%clk 00:53:12]} {[%emt 00:03:39]} 18. Nd5 {[%clk 00:42:18]} {[%emt 00:01:26]}
Kb8 {[%clk 00:48:52]} {[%emt 00:04:51]} 19. Bxh4 {[%clk 00:42:01]} {[%emt
00:00:47]} Re8 {[%clk 00:47:48]} {[%emt 00:01:34]} 20. Rxe8 {[%clk 00:40:54]}
{[%emt 00:01:37]} Qxe8 {[%clk 00:47:56]} {[%emt 00:00:22]} 21. Nf6 {[%clk
00:39:37]} {[%emt 00:01:47]} 1/2-1/2